000 00611nam a2200241Ia 4500
003 OSt
005 20221006160610.0
006 a|||||r|||| 00| 0
007 ta
008 221006b |||||||| |||| 00| 0 eng d
024 _a45,582
037 _cSeries Articles
040 _aEASL
_cEASL
_beng
041 _2eng
_aeng
100 _aNayyar Deepak
245 0 _aGlobalisation and democracy
260 _aMumbai
_bEPW Research Foundation India
_c2015
300 _a47-54 Pp.
_ccm.
490 _v01
650 _aEconomics
942 _cREF
_2CC
999 _c1113674
_d1113674